| 000 | 03364cam a22002655a 4500 | ||
|---|---|---|---|
| 001 | L154786 | ||
| 008 | 120119s2011 xxk f 000 0 eng d | ||
| 020 | _a9781908604132 | ||
| 035 | _a(Sirsi) u154786 | ||
| 041 | 0 | _aeng | |
| 100 | 1 | _aMavrikakis, Alexis | |
| 245 | 0 | 0 |
_aBusiness law and practice 2011/2012 _h[electronic resource] |
| 260 |
_aLondon _bCollege of Law _c2011 |
||
| 300 | _aeBook | ||
| 505 | 2 | _aPart I Starting a business -- Chapter 1 The different types of business -- Chapter 2 Introduction to the company -- Chapter 3 How to set up a company -- Chapter 4 The company's constitution -- Chapter 5 The company's shareholders -- Chapter 6 Officers of the company -- Chapter 7 Controls on directors -- Chapter 8 Company decision-making -- Chapter 9 Financing a company i ? shares -- Chapter 10 Financing a company ii ? debt -- Chapter 11 Taking security -- Chapter 12 Public companies -- Part III Running a business in partnership -- Chapter 13 The start of a partnership -- Chapter 14 The partnership agreement -- Chapter 15 Partners' responsibilities -- Chapter 16 Liability for the firm's debts -- Chapter 17 Dissolution -- Chapter 18 Limited liability partnerships -- Part III Summary ? Running a Business in Partnership Part IV Insolvency -- Chapter 19 Corporate insolvency -- Chapter 20 Personal insolvency -- Part IV Summary ? Insolvency Part V Taxation -- Chapter 21 Calculation of trading profits of a business -- Chapter 22 Taxation of companies i corporation tax -- Chapter 23 Taxation of companies ii ? special provisions relating to companies -- Chapter 24 Taxation of sole traders -- Chapter 25 Taxation of partnerships -- Chapter 26 Taxation of employees and directors -- Chapter 27 Taxation of savings and investment income -- Chapter 28 Business reliefs from cgt and iht available to individuals -- Chapter 29 Tax considerations in choice of medium -- Part V Summary ? Taxation Part VI Conversion -- Chapter 30 Conversion and the immediate implications -- Part VII Some aspects of trading -- Chapter 31 Sale of goods -- Chapter 32 Employment and other regulatory concerns in running a business -- Chapter 33 Introduction to agency and distribution agreements -- Chapter 34 Choosing a marketing agreement -- Chapter 35 Competition law -- Appendix 1 Company forms -- (A) Form IN01 ? Application to register a company -- (B) Form AP03 ? Appointment of secretary -- (C) Form AP04 ? Appointment of corporate secretary -- (D) Form TM02 ? Termination of appointment of secretary -- (E) Form AP01 ? Appointment of director -- (F) Form AP02 ? Appointment of corporate director -- (G) Form TM01 ? Termination of appointment of director -- H) ( Form AR01 ? Annual return -- Appendix 2 Company documents -- (A) Memorandum of association (CA 2006) -- (B) Certificate of incorporation of a private limited company -- (C) Memorandum of association (CA 1985) -- Appendix 3 Joint ventures -- Appendix 4 Company accounts | |
| 520 | _aSupersedes 2010/2011 edition (ISBN: 9781907624049) | ||
| 590 | _aka | ||
| 650 | 2 | 4 | _aEBOOK |
| 651 | 4 | _aENGLAND AND WALES | |
| 690 |
_aManagement consultancy _96255 |
||
| 700 | 1 | _aMorris, Christopher | |
| 700 | 1 | _aLongshaw, Alexis | |
| 856 | 4 | 0 |
_uhttps://www.vlebooks.com/ _zView on VLEbooks. Logins for members only from [email protected] |
| 942 | _n0 | ||
| 999 |
_c113153 _d113153 |
||